| 000 | 00615cam a2200157 4500 | ||
|---|---|---|---|
| 001 | ABS61023 | ||
| 008 | 000000n1999 000 0 eng u | ||
| 035 | _a(Sirsi) u101577 | ||
| 100 | _aShea, C. | ||
| 245 | _aWhen statute meets equity. | ||
| 260 | _c1999 | ||
| 490 |
_aProperty Week _v64(30) 30 July 1999, 38(1) |
||
| 520 | _aExamines the CA decision in Yaxley v Gotts, the first case to test whether the Law of Property (Miscellaneous Provisions) Act 1989 s2 negates an oral conveyancing agreement that would otherwise be valid under proprietary estoppel. | ||
| 690 | _aPROPERTY LAW AND PRACTICE | ||
| 942 | _n0 | ||
| 999 |
_c60709 _d60709 |
||